Archivmaterialien zu Oskar Panizza, 1853-1921

Gespeichert in:  
Bibliographische Detailangaben
1. VerfasserIn: Panizza, Oskar 1853-1921 (Verfasst von)
Medienart: Elektronisch Archivmaterial
Sprache:Deutsch
In:Jahr: 2019
Online-Zugang: Archivdatenbank (Archivportal-D)
Archivdatenbank (Kalliope Verbundkatalog)
Verfügbarkeit prüfen: HBZ Gateway

MARC

LEADER 00000npc a22000002 4500
001 LR118739131
003 PipeLineGenerated
005 20260508112529.0
008 190606s2019 xx ||||| 00| ||ger c
100 |a Panizza, Oskar  |0 (DE-588)118739131  |0 (DE-627)283871342  |d 1853-1921 
245 |a Archivmaterialien zu Oskar Panizza, 1853-1921 
856 |u https://kalliope-verbund.info/gnd/118739131  |3 Archivdatenbank (Kalliope Verbundkatalog) 
856 |u https://www.archivportal-d.de/person/gnd/118739131  |3 Archivdatenbank (Archivportal-D) 
ELC |a 1